[Event "FIDE World Cup"]
[Site "Tbilisi"]
[Date "2017.09.12"]
[Round "4.1"]
[White "Rapport, Richard"]
[Black "Najer, Evgeniy"]
[Result "1/2-1/2"]
[WhiteElo "2675"]
[BlackElo "2707"]
[PlyCount "159"]
[EventDate "2017.09.03"]
[EventType "k.o."]
[EventRounds "7"]
[EventCountry "GEO"]
[SourceTitle "CBM 181"]
[Source "ChessBase"]
[SourceDate "2017.11.10"]
[SourceVersion "1"]
[SourceVersionDate "2017.11.10"]
[SourceQuality "1"]

1. d4 d5 2. c4 c6 3. cxd5 cxd5 4. Nc3 Nf6 5. Bf4 Nc6 6. e3 Bf5 7. Qb3 Na5 8.
Qa4+ Bd7 9. Qc2 e6 10. Bd3 Be7 11. Nf3 Nc6 12. a3 Nh5 13. Be5 f6 14. Bf4 Nxf4
15. exf4 g6 16. O-O Kf7 17. Rfe1 Rc8 18. h4 f5 19. Qb3 Bf6 20. Nb5 Be8 21. Rad1
a6 22. Nc3 b5 23. Re2 Nxd4 24. Nxd4 Bxd4 25. Bxf5 Bxf2+ 26. Rxf2 gxf5 27. Nxd5
Qxh4 28. Ne3 Qf6 29. Rd6 Rc1+ 30. Rf1 Rc6 31. Rfd1 Rg8 32. Rxc6 Bxc6 33. Rd6
Rc8 34. Qd1 Ke7 35. Qd2 a5 36. Rd3 h5 37. Rc3 Rd8 38. Qe1 Be4 39. Qe2 Qh4 40.
Qxb5 Qxf4 41. Qxa5 Rd7 42. Qc5+ Qd6 43. Qxd6+ Rxd6 44. Nf1 Rd1 45. Kf2 f4 46.
Rh3 Bd3 47. Nh2 Bg6 48. Nf3 Rb1 49. Rh4 Rxb2+ 50. Kg1 Ra2 51. Rxf4 Rxa3 52. Kf2
Bf5 53. Nh4 Bg4 54. Ng6+ Kd6 55. Rd4+ Kc5 56. Rd2 Bf5 57. Ne5 Rb3 58. Nf3 Be4
59. Nd4 Rb6 60. Ke3 Bd5 61. Kf4 Rb1 62. Ke5 Kc4 63. g3 Rg1 64. Rc2+ Kd3 65.
Rc3+ Kxc3 66. Ne2+ Kd3 67. Nxg1 Ke3 68. Nh3 Kf3 69. Nf4 Kg4 70. Ne2 Bc4 71. Nf4
Bb3 72. Ne2 Bc4 73. Nf4 Bd5 74. Ne2 Bb3 75. Nf4 Bc4 76. Ke4 Ba6 77. Nxe6 Kxg3
78. Ng7 h4 79. Nf5+ Kg4 80. Nxh4 1/2-1/2

[Event "FIDE World Cup"]
[Site "Tbilisi"]
[Date "2017.09.12"]
[Round "4.1"]
[White "So, Wesley"]
[Black "Jobava, Baadur"]
[Result "1/2-1/2"]
[WhiteElo "2810"]
[BlackElo "2687"]
[PlyCount "79"]
[EventDate "2017.09.03"]
[EventType "k.o."]
[EventRounds "7"]
[EventCountry "GEO"]
[SourceTitle "CBM 181"]
[Source "ChessBase"]
[SourceDate "2017.11.10"]
[SourceVersion "1"]
[SourceVersionDate "2017.11.10"]
[SourceQuality "1"]

1. e4 e5 2. Nf3 Nf6 3. Nxe5 d6 4. Nf3 Nxe4 5. Nc3 Nxc3 6. dxc3 Be7 7. Be3 O-O
8. Qd2 Nd7 9. O-O-O c6 10. Kb1 d5 11. h4 Bc5 12. Bd3 Bxe3 13. Qxe3 Nf6 14. Rde1
Qb6 15. Qxb6 axb6 16. Re7 Re8 17. Rhe1 Rxe7 18. Rxe7 Kf8 19. Re1 h6 20. a3 Ng4
21. Ne5 Nxf2 22. Rf1 Ng4 23. Rxf7+ Ke8 24. Rf1 Nxe5 25. Re1 Bg4 26. Rxe5+ Kd7
27. c4 Kd6 28. Re3 dxc4 29. Bxc4 Rf8 30. g3 Rf2 31. b4 g5 32. hxg5 hxg5 33. Kb2
b5 34. Bd3 Bf3 35. Kc3 g4 36. Bf5 Rg2 37. Kd4 Rd2+ 38. Kc3 Rg2 39. Kd4 Rd2+ 40.
Kc3 1/2-1/2

[Event "FIDE World Cup"]
[Site "Tbilisi"]
[Date "2017.09.12"]
[Round "4.1"]
[White "Svidler, Peter"]
[Black "Bu, Xiangzhi"]
[Result "1/2-1/2"]
[WhiteElo "2751"]
[BlackElo "2710"]
[PlyCount "70"]
[EventDate "2017.09.03"]
[EventType "k.o."]
[EventRounds "7"]
[EventCountry "GEO"]
[SourceTitle "CBM 181"]
[Source "ChessBase"]
[SourceDate "2017.11.10"]
[SourceVersion "1"]
[SourceVersionDate "2017.11.10"]
[SourceQuality "1"]

1. e4 e5 2. Bc4 Nf6 3. d3 c6 4. Nf3 Be7 5. Bb3 d6 6. O-O O-O 7. Nbd2 Nbd7 8. c3
Nc5 9. Bc2 Bg4 10. Nc4 Bh5 11. Ne3 d5 12. Nf5 Re8 13. Qe2 Bf8 14. h3 Qc7 15.
Ng3 Bg6 16. Nh2 a5 17. Ng4 Qd6 18. Qf3 Nfd7 19. Ne3 Qf6 20. Nef5 Bxf5 21. Nxf5
g6 22. Qg3 Ne6 23. Ne3 h5 24. exd5 Nf4 25. Qf3 Nxd5 26. Nxd5 Qxf3 27. gxf3 cxd5
28. Ba4 Rad8 29. Be3 Re6 30. Rfe1 Nc5 31. Bb5 Rb6 32. a4 d4 33. Bd2 Nb3 34.
Rad1 f6 35. Re4 Nxd2 1/2-1/2

[Event "FIDE World Cup"]
[Site "Tbilisi"]
[Date "2017.09.13"]
[Round "4.2"]
[White "Aronian, Levon"]
[Black "Dubov, Daniil"]
[Result "1-0"]
[WhiteElo "2799"]
[BlackElo "2666"]
[Annotator "Krasenkow,M"]
[PlyCount "193"]
[EventDate "2017.09.03"]
[EventType "k.o."]
[EventRounds "7"]
[EventCountry "GEO"]
[SourceTitle "CBM 181"]
[Source "ChessBase"]
[SourceDate "2017.11.10"]
[SourceVersion "1"]
[SourceVersionDate "2017.11.10"]
[SourceQuality "1"]

1. d4 Nf6 2. c4 g6 3. Nf3 Bg7 4. Nc3 d5 5. cxd5 Nxd5 6. e4 Nxc3 7. bxc3 c5 8.
Be3 O-O 9. Be2 {A rare move order.} b6 {A quiet continuation.} ({White's main
idea is} 9... Qa5 10. O-O $1 Qxc3 11. Rc1 Qa3 12. Rxc5 {e.g.} Qxa2 13. Bc4 Qa3
14. Bc1 Qb4 15. Bd2 Qa3 16. Re1 Bg4 17. Re3 Qb2 18. Bc3 Qb6 {1/2 (23) Lakic,N 
(2395)-Banas,J (2365) Stary Smokovec 1980} 19. Rb5 Qc7 20. Qb3 $16) 10. Qd2 (
10. h4 {looks a bit premature:} Bb7 (10... Bg4 $5 11. h5 Bxh5) 11. e5 Nc6 12.
h5 cxd4 13. cxd4 Rc8 14. hxg6 (14. h6 Bh8 15. O-O Qd7 $13 {[%cal Yf7f6]}) 14...
hxg6 15. Qd2 Qd5 16. Bg5 Rfd8 $15 {0-1 (43) San Segundo Carrillo,P (2509)
-Fluvia Poyatos,J (2467) Leon 2012}) (10. O-O {is not a dangerous plan, Black
should safely equalise:} cxd4 11. cxd4 Bb7 12. Qd3 Nc6 13. Rac1 e6 14. Rfd1 Rc8
15. d5 exd5 16. exd5 {0-1 (63) Arkhipov,S-Gorelov,S (2395) Moscow 1980} Ne7 $1
17. Rxc8 Qxc8 18. d6 Nd5) (10. Rc1 $5 {is probably the most precise move
keeping various options:} e6 (10... Bb7 $6 11. d5) (10... Nd7 11. e5 $1 (11.
O-O e6 12. e5 Bb7 13. Qd2 f6 $11 {0-1 (61) Radwan,L (2138)-Shishkin,V (2471)
Police 2010}) 11... Bb7 12. h4 cxd4 13. cxd4 Rc8 14. h5 Bd5 {0-1 (58) Zontakh,
A (2520)-Babujian,L (2451) Poti 2017} 15. h6 Bh8 16. O-O $14 {[%csl Rh8]}) 11.
h4 $5 Bb7 12. e5 Qd5 (12... h5 13. Rg1 Nc6 14. g4 hxg4 15. Rxg4 Ne7 16. Bg5 Qe8
17. h5 $16 {1-0 (20) Bosiocic,M (2586)-Greenfeld,A (2562) Novi Sad 2016}) (
12... cxd4 13. cxd4 Nc6 14. h5 Ne7 15. Bg5 (15. h6 $5) 15... Qd7 16. Qd2 Rac8
17. Rxc8 Rxc8 18. hxg6 fxg6 19. Bf6 Bxf3 20. Bxf3 Bxf6 21. exf6 Nd5 $15 {
1/2 (33) Gonzalez Garcia,J (2509)-Safarli,E (2597) Zuerich 2009}) (12... Nd7
13. h5 cxd4 14. cxd4 Rc8 15. hxg6 (15. h6 Bh8 16. O-O $14) 15... hxg6 16. Rxc8
Qxc8 17. Qd2 Qc6 18. O-O Rc8 $11 {1/2 (30) Narayanan,S (2515)-Xiong,J (2633)
Bhubaneswar 2016}) 13. h5 Nd7 14. c4 (14. h6 $5 Bh8 15. O-O {[%csl Rh8] - with
the pawn on e6, ...f7-f6 weakens Black's position}) 14... Qc6 15. hxg6 fxg6 16.
d5 Qc7 17. Ng5 exd5 18. Bg4 Rfe8 19. cxd5 Qxe5 20. Nxh7 $13 {1-0 (60) Fier,A 
(2592)-Greenfeld,A (2536) London 2014}) 10... cxd4 (10... Nd7 11. e5 Bb7 {
1-0 (37) Yuneev,A (2370)-Zdrojewski,W (2265) Leningrad 1990} 12. h4 $36) (10...
Bb7 {is more appropriate here than after 10.Rc1:} 11. d5 (11. e5 cxd4 12. cxd4
{- game}) 11... e6 12. Rd1 exd5 13. exd5 Nd7 14. c4 Nf6 15. Qc2 {0-1 (63)
Kanter,E (2349)-Charochkina,D (2309) Zvenigorod 2008} Re8 $5 16. O-O Qd6 {
[%cal Ye8e7,Ya8e8]}) 11. cxd4 Bb7 12. e5 Nc6 (12... Bd5 $5 13. Bh6 (13. h4 $5
h5) 13... Nc6 14. Rd1 Rc8 15. h4 $2 {0-1 (28) Derieux,C (2209)-Dunis,A (2347)
Marseille 2001} Bxf3 $1 16. Bxf3 Qxd4 $1 $17) 13. h4 Qd5 14. h5 Rfd8 (14... Qa5
{was quite possible. Black has no problems in the following game:} 15. Rc1
Qxd2+ 16. Bxd2 Rfd8 17. hxg6 hxg6 18. Rh4 Rac8 19. Bc4 Na5 20. Bxa5 bxa5 21.
Kd2 e6 22. Bb3 Rxc1 23. Kxc1 Bf8 24. Kd2 Be7 25. Rg4 Rc8 $132 {1/2 (43)
Urkedal,F (2517)-Turov,M (2591) Stockholm 2015}) 15. Rc1 (15. hxg6 hxg6 16. Rh4
Qa5 17. Qxa5 Nxa5 18. e6 f6 19. Rg4 g5 20. Nh4 Bd5 21. Ng6 Bxe6 22. Re4 Rd6 23.
Nxe7+ Kf7 24. d5 Bxd5 25. Nxd5 Rxd5 26. Rc1 Rad8 $11 {1/2 (37) Cuenca Jimenez,
J (2498)-Ftacnik,L (2551) Leiria POR 2017}) 15... Qa5 {Of course, the exchange
of queens levels the game.} 16. h6 $6 {This only helps Black now as his bishop
gladly goes to f8.} (16. Qxa5 Nxa5 17. Rc7 Rac8 18. Rxe7 $5 Bf8 19. Rxb7 Nxb7
20. hxg6 hxg6 21. Ng5 $44 {was an interesting way to complicate the game.})
16... Bf8 17. e6 $6 (17. Qxa5 Nxa5 18. O-O Rac8 19. Rfd1 e6 $15) 17... f6 18.
O-O Qxd2 19. Bxd2 Nxd4 $6 {Premature!} (19... Rac8 $1 20. Be3 Nb4 $17 {[%csl
Ra2,Rd4,Re6]}) 20. Nxd4 Rxd4 21. Be3 Rdd8 (21... Rd6 $1 $17 {[%cal Rb7d5] was
more energetic. After the text move White obtains counterplay.}) 22. Bb5 Bd5
23. Bd7 {[%csl Gd7,Rd8]} g5 (23... Bxa2 24. Ra1 Bc4 25. Rfc1 {is not clear
anymore. However, the text move, weakening Black's kingside, is even worsse.})
24. f4 Bxh6 25. fxg5 Bg7 {This was not easy to find} (25... fxg5 26. Rf7 Bg7 $1
27. Bxg5 (27. Rxe7 Bf6 28. Rf7 Rf8) 27... Rf8 $13 28. Rxe7 $6 Bd4+ 29. Kh2 Rf5)
26. Bd4 $1 fxg5 27. Bxg7 Kxg7 28. Rf7+ Kg6 29. Rxe7 {Now the initiative
belongs to White due to his strong e6-pawn.} Rf8 30. Re1 (30. Bb5 $6 Kf6 31.
Rxh7 Kxe6) 30... Bxa2 (30... a6 $1 31. Ba4 Rfc8 {was correct to prevent the
transfer of White's bishop to the b1-h7 diagonal.} 32. Rd7 Bxa2 $13) 31. Bb5 a6
(31... h5 32. Rb7 {[%cal Re6e7]}) 32. Bd3+ Kf6 33. Rxh7 b5 34. Rh6+ Ke7 35.
Rh7+ Kf6 36. e7 Rg8 37. Rh6+ Kf7 38. Rh7+ Kf6 39. Be4 Rae8 40. Rh6+ Kf7 41. Bc6
Bc4 42. Bxe8+ Rxe8 43. Rxa6 Rxe7 44. Rxe7+ Kxe7 {[%mdl 4096]} 45. Kf2 Kf7 46.
Rb6 Be6 {Black can't save both pawns. He gives up his b-pawn but the resulting
endgame is lost for him.} 47. Rxb5 Kf6 48. Kf3 Bf5 49. Rc5 Bd3 ({With White's
pawn on g2, Black can't successfully keep his bishop on the h3-c8 diagonal, e.
g.} 49... Kg6 50. Ke3 Kf6 51. Kd4 Bg4 52. Ke4 Bd7 53. Kd5 Be6+ 54. Kd6 Bf5 55.
Rc3 Bg4 (55... Be4 56. g4 $1) 56. Rc2 Bf5 57. Rf2 Kg6 58. Ke5 Bd7 59. Rd2 Bg4
60. Rd4 Bc8 61. g4 $18) 50. Ke3 Bf5 51. Kd4 Bb1 52. Rc1 $6 {Here and later
White misses a winning plan shown by GM Igor Kovalenko in a similar position 
(Goganov - Kovalenko Gjakova 2016 - see CBM 173). Both pawns were on the
f-file in that game, and Goganov had a drawing chance keeping his bishop in
the opposite corner, which he missed. With g-pawns that drawing chance doesn't
exist:} (52. g4 $1 Bg6 53. Rc6+ Kf7 54. Ke5 Bb1 (54... Bh7 55. Rc7+ Kg6 56. Ra7
$22 {(this zugzwang doesn't exist with the f-pawns!)} Bg8 57. Ra6+) 55. Rc7+ {
(it is essential to lure Black's king to g6, where it blocks his bishop's
diagonal)} Kg6 56. Rd7 Bc2 57. Rd2 Bb1 58. Rb2 Bd3 59. Kd4 $1 {(The point!
White ousts Black's bishop from the crucial diagonal)} Bf1 60. Ke4 $18 {
[%cal Yb2b6,Ye4f5]}) 52... Bg6 53. Rc6+ Kg7 54. Ke5 Bb1 55. Ra6 Bc2 56. Rd6 Kf7
57. Rf6+ Kg7 58. Rf2 Bb1 59. Rb2 Bd3 60. Rd2 Bb1 61. Ke6 Be4 62. Re2 Bd3 63.
Rd2 Be4 64. Ke5 Bb1 65. Rd4 Kf7 66. Ra4 Bc2 67. Ra5 Bb1 68. Rc5 Kg6 69. Rc1 Bd3
70. Rd1 Bc2 71. Rd2 Bb1 72. Ke6 Be4 73. g3 $2 {This leads to a drawish
position known from one of Mark Dvoretzky's books. However, Black misses his
chance, and further play shows that neither player is familiar with that
position.} (73. g4 {was still winning.}) 73... Bb1 $2 (73... Bf5+ 74. Ke5 Bh3 {
(With White's pawn on g3, Black's bishop has this additional square on the
h3-c8 diagonal, and White's pieces can't oust it!)} 75. Rd6+ Kh5 76. Rd4 Bc8
77. Kf6 Bh3 $1 78. Rd5 (78. Rc4 Bd7 79. Rd4 Bc8) 78... Kg4 $1 79. Rxg5+ Kf3 $11
{[%cal Yh3g4]}) 74. Rb2 $2 (74. g4 $1 {White misses this winning move again
and again.}) 74... Bd3 $2 (74... Bf5+) 75. Ke7 $2 Be4 $2 76. Rb6+ $2 Kg7 $2 (
76... Kf5 $1 77. Rb4 Bf3 {lead to a "mirror" drawish position, relative to the
g-file:} 78. Kf7 Be2 79. Kg7 Bf3 80. Kh6 Bd1 81. Rb5+ Kg4 82. Rxg5+ Kh3 $11 {
[%cal Yd1g4] - cf. the 73...Bf5+ line}) 77. Rb5 Kg6 78. Rb4 $2 (78. g4) 78...
Bc2 $2 (78... Kf5) 79. Kf8 $2 Kf6 $2 {It was not too late to play} (79... Kh5
$1 80. Ke7 Bf5 81. Kf6 Bh3) 80. Kg8 Bd3 81. Rd4 Bc2 82. Rd2 $2 Bb1 $2 (82...
Be4 $1 {[%cal Yf6f5,Ye4f3]} 83. g4 (83. Rf2+ Kg6 $1 {as} 84. g4 {is too late:}
Bd5+ 85. Kf8 Be6 86. Rg2 Kf6) 83... Ke5 84. Rf2 Kd4 85. Kg7 Ke3 {[%cal Ye4f3] ,
and Black manages to capture the g4 pawn in time.}) 83. Rf2+ Kg6 84. Rb2 $2 (
84. g4) 84... Bd3 85. Rb6+ Kf5 86. Rb4 Kf6 $2 (86... Be2) 87. Rd4 Bc2 88. Rd2
$2 Bb1 $2 (88... Be4) 89. Rf2+ Kg6 90. g4 $1 {Finally! Now White must win
easily. But...} Be4 91. Rd2 (91. Kf8 $142 $1 {bringing his king back to carry
out the Kovalenko plan.} Bb7 {[%cal Yb7c8] doesn't help due to} 92. Rb2 $1 Bc8
93. Rb6+ ({or} 93. Rb4 Kf6 $140 94. Kg8 {[%cal Rg8h7]}) 93... Kh7 94. Rb4 Kg6
95. Ke7 {etc.}) {But as we know, Levon Aronian was not familiar with the
Kovalenko plan and failed to find it over the board. Instead, he tries to
bring his king to Black's g5-pawn via g7-h6. That plan is wrong but luckily
succeeds after Black's mistake.} 91... Kf6 92. Rb2 $2 (92. Rf2+ Kg6 93. Kf8 $18
) (92. Re2 Bd3 93. Rf2+ Kg6 94. Kf8 $18) 92... Bd3 $2 {The last error.} (92...
Ke5 $1 93. Kg7 (93. Rf2 Kd4 $11 {- see above}) 93... Kf4 94. Rb4 Kxg4 $1 95.
Rxe4+ Kf3 $11) 93. Rb6+ Ke5 94. Kg7 {White attacks Black's g5-pawn with his
king, which decides the game.} Kf4 95. Rb4+ Be4 96. Rxe4+ Kxe4 97. Kg6 (97. Kg6
Kf4 98. Kh5 $18) 1-0

[Event "FIDE World Cup"]
[Site "Tbilisi"]
[Date "2017.09.13"]
[Round "4.2"]
[White "Bu, Xiangzhi"]
[Black "Svidler, Peter"]
[Result "1/2-1/2"]
[WhiteElo "2710"]
[BlackElo "2751"]
[PlyCount "34"]
[EventDate "2017.09.03"]
[EventType "k.o."]
[EventRounds "7"]
[EventCountry "GEO"]
[SourceTitle "CBM 181"]
[Source "ChessBase"]
[SourceDate "2017.11.10"]
[SourceVersion "1"]
[SourceVersionDate "2017.11.10"]
[SourceQuality "1"]

1. Nf3 Nf6 2. c4 c5 3. Nc3 d5 4. cxd5 Nxd5 5. e3 Nxc3 6. dxc3 Qc7 7. Bc4 Nc6 8.
O-O e6 9. e4 Bd6 10. Bg5 h6 11. Bh4 O-O 12. Qe2 Na5 13. e5 Nxc4 14. Qxc4 Bxe5
15. Nxe5 Qxe5 16. Be7 Re8 17. Qxc5 Qxc5 1/2-1/2

[Event "FIDE World Cup"]
[Site "Tbilisi"]
[Date "2017.09.13"]
[Round "4.2"]
[White "Ding, Liren"]
[Black "Wang, Hao"]
[Result "1-0"]
[WhiteElo "2771"]
[BlackElo "2701"]
[Annotator "Sadorra,J"]
[PlyCount "113"]
[EventDate "2017.09.03"]
[EventType "k.o."]
[EventRounds "7"]
[EventCountry "GEO"]
[SourceTitle "CBM 181"]
[Source "ChessBase"]
[SourceDate "2017.11.10"]
[SourceVersion "1"]
[SourceVersionDate "2017.11.10"]
[SourceQuality "1"]

1. d4 Nf6 2. c4 e6 3. g3 d5 4. Bg2 Be7 5. Nf3 O-O 6. O-O dxc4 7. Qc2 a6 8. a4
Bd7 9. Qxc4 Bc6 10. Bg5 {This is considered the modern mainline.} h6 11. Bxf6
Bxf6 12. Nc3 Bxf3 {This trade is almost forced because the bishop on c6 will
become bad after e2-e4 next move.} 13. Bxf3 c6 14. e3 ({The other way for
White to fight for an edge here is} 14. Qb3) 14... a5 15. b4 axb4 16. Qxb4 Ra7
(16... Qc7 17. Rfb1 Ra7 18. a5 $14 {continues a similar path as in the game.})
17. a5 Na6 ({Other ways Black has continued here are} 17... Nd7 18. Rfb1 Be7
19. Qc4 $14 {½-½ (23) Gustafsson,J (2643)-Matlakov,M (2603) Sestao 2010, and
White still keeps a comfortable edge.}) ({A better way to fight for equality
could be} 17... Be7 $5 {as it limits White's possible retreats} 18. Qb3 (18.
Qb6 Qxb6 19. axb6 Ra3 $1 20. Rxa3 Bxa3 21. Ne4 Nd7 $11 {[%csl Rb6]}) (18. Qc4
$2 Rxa5) 18... Na6 $1 (18... Nd7 19. a6 $1 $146 (19. Rfb1 Qc7 {1/2-1/2 (47)
Zatonskih,A (2469)-Khotenashvili,B (2507) Bilbao 2014}) 19... bxa6 20. Bxc6 Qc7
{the following forcing line is the only test, otherwise White has a long-term
edge due to his better pawn structure.} 21. Be4 $5 (21. Bg2 Rb8 22. Qc2 Bb4 23.
Rfc1 Rc8 24. Qd3 $1 Bxc3 25. Ra3 $14) 21... Rb8 22. Qc2 Bb4 23. Rfc1 Rc8 $2 {
now this counter-idea isn't even possible} 24. Nb5 $16) 19. Qb6 (19. Ra4 Nc7
20. Rb1 Nd5 $11 21. Nd1 Qd7 (21... Qa8 $5) 22. Nb2 Rfa8 23. Nc4 Bd8 24. Rba1
Bc7 25. R4a3 Qd8 26. Kg2 Bd6 27. R3a2 Bc7 28. Qb2 {1/2-1/2 (28) Zemlyanov,S 
(2359)-Bendana Guerrero,G (2440) ICCF email 2014}) 19... Qa8 20. Rfb1 Nb8 $1
$132 21. Na4 Nd7 22. Qb2 $5 {the idea is to make the a5-a6 idea work in the
future.} (22. Qb3 Bd8 23. a6 $6 b5 24. Nc3 Rxa6 $15 {[%csl Ra1]}) 22... Bd6 $1
{while it may still be easier to play White, Black is solid.} (22... Bd8 23. a6
$1 b5 24. Nc3 Rxa6 25. Nxb5 $16 {[%csl Ga1] now the a1-rook is defended.}) 23.
Nb6 (23. a6 $2 b5 24. Nc3 Rxa6 25. Nxb5 $4 Rb8 $19) (23. Nc3 Rb8 $11) 23...
Nxb6 24. axb6 Ra5 {and Black is holding.}) 18. Qb6 Qa8 19. Ne4 Bd8 20. Qb2 Nb8
(20... Nc7 {is also not enough to relieve White's pressure} 21. Nd6 Nb5 $2 (
21... Be7 22. Nc4 $14) 22. Nxb5 cxb5 23. Qxb5 Rxa5 24. Rxa5 Qxa5 25. Qxb7 $16 {
1-0 (36) Tkachiev,V (2649)-Gundavaa,B (2516) Khanty-Mansiysk 2013; and White
is simply a pawn up for nothing.}) 21. Nd6 Bxa5 22. Nxb7 {When I was watching
this game, I thought Liren used a novelty in the mainline of the 6...dxc4
Catalan to obtain an edge, but it turns out all of the moves we have so far
have been been played before!} Qxb7 $6 {Choosing the worse of the two
unpleasant endings.} ({The only other game here went} 22... Rxb7 23. Rxa5 Rxb2
24. Rxa8 {an ending which could be very unpleasant to face over the board,
especially if one isn't prepared. However, GM Bauer shows that it is actually
holdable after} c5 $1 25. dxc5 Rc2 26. Rb1 (26. Ra5 Nd7 (26... Rc8 27. Rb1 $1)
27. c6 Nb8 $1 $11 {and White has no way to hold on to his extra pawn.}) 26...
Nd7 27. Rxf8+ Kxf8 28. c6 Ne5 29. Be4 Rc4 $1 30. Rb8+ Ke7 31. Rb7+ Kd6 32. f4
Rxe4 33. fxe5+ Kxc6 $11 {1/2-1/2 (46) Tkachiev,V (2644)-Bauer,C (2682) Pau 2012
}) 23. Qxb7 Rxb7 24. Rxa5 Rc8 25. Rc1 Rbc7 26. Ra8 {Now the only thing Black
can do is to pretty much sit and wait.} Kf8 27. h4 Ke7 28. h5 $1 {Fixing a
potential second weakness on the kingside.} Kd6 29. e4 Ke7 30. e5 Rd8 31. Kg2
$1 {Liren uses the principle of "Do not rush" and simply improves the position
of his king.} Rb7 {Now Black threatens to take on d4.} 32. Rc4 f6 {Black
decides to do something such as trading pawns and activating his rooks in some
way.} 33. Be4 $1 {But Liren calmly and patiently improves his position, and
this time by taking his bishop to the outpost g6.} fxe5 34. dxe5 Rb2 35. Bg6
Nd7 36. Ra7 {Of course, White should keep his rooks which are more active.} Re2
{This is the critical moment and Liren himself said after the game that he had
many good-looking options here.} 37. Re4 $1 {The most important move (and
decision!) in winning this game, according to Liren. Looking at it without
much calculation, it makes sense as it removes enemy counterplay on White's
e5-pawn and trades off the enemy's only active piece!} ({Of course not} 37.
Rxc6 $2 Rxe5 $14 {The more pawns gets traded the better chances Black gets of
achieving a draw.}) (37. Be4 Kf8 38. Rd4 (38. Bf3 Rd2 39. Rxc6 Nxe5 40. Rxe6
Nxf3 41. Kxf3 $14) 38... c5 $1 39. Rdxd7 Rxd7 40. Rxd7 Rxe4 {and once again
only Black gained something here.}) (37. Rf4 Rxe5 38. Rf7+ Kd6 39. Rxg7 Re2 40.
Rh7 Ne5 $1 {[%csl Rf2][%cal Ge5g4,Rg4f2] is also not convincing as Black gets
to activate his pieces, and along with it use some small tactics.}) 37... Rxe4
(37... Rd2 38. Rf4 Rf8 39. Rxf8 Kxf8 40. Ra8+ Ke7 41. Re8#) 38. Bxe4 Rc8 39. f4
Kd8 40. Kf3 c5 41. Ke3 {[%csl Ga7,Rc5,Rc8,Rd7,Rd8,Ge3,Ge4,Re6,Rg7][%cal Ga7g7,
Ge4c6,Ge4g6,Ge3d3,Gd3c4,Gd3c3,Gg3g4,Gf4f5] Despite the material balance, it is
clear that White is winning. His pieces are more active and his pawns are
healthier than Black's crippled and weakened pawns.} Rc7 42. Ra8+ Rc8 43. Ra6
$1 {[%csl Re6] This move gains time for White.} Ke7 44. Ra7 c4 (44... Kd8 45.
Kd3 $18) 45. Kd2 c3+ 46. Kc2 {After securely blockading it, White's next plan
is to pick off this pawn.} Kd8 47. Bd3 Rc5 48. Ra8+ Ke7 ({Similar to what will
happen in the game, the minor piece ending is simply winning not only because
of the material advantage but also of Black's remaining weaknesses.} 48... Rc8
49. Rxc8+ Kxc8 50. Kxc3 Kc7 51. Bc4 $18) 49. Ra7 Kd8 50. Ra3 Nb6 51. Rxc3 Rxc3+
52. Kxc3 Nd5+ ({Black cannot stop White's king from coming in:} 52... Kc7 53.
Kd4 Kc6 54. Bc4 Kd7 55. Bb5+ Ke7 56. Bc6 $18 {[%cal Gd4c5]}) 53. Kd4 Ke7 54.
Be4 Nb4 55. Kc5 Na2 56. Kc4 {And now Black's knight is even trapped!} Nc1 57.
Bd3 {Black will be forced to go into a lost king ending, therefore he resigned.
A great choice of opening line and impeccable endgame technique by Ding Liren!}
1-0